<?xml version="1.0" encoding="UTF-8"?>
<record
    xmlns:xsi="http://www.w3.org/2001/XMLSchema-instance"
    xsi:schemaLocation="http://www.loc.gov/MARC21/slim http://www.loc.gov/standards/marcxml/schema/MARC21slim.xsd"
    xmlns="http://www.loc.gov/MARC21/slim">

  <leader>     nam a22     7a 4500</leader>
  <datafield tag="999" ind1=" " ind2=" ">
    <subfield code="c">7237</subfield>
    <subfield code="d">7237</subfield>
  </datafield>
  <controlfield tag="003">OSt</controlfield>
  <controlfield tag="005">20190704154053.0</controlfield>
  <controlfield tag="008">190704s2018  --spc     |     000 0 cat|d</controlfield>
  <datafield tag="040" ind1=" " ind2=" ">
    <subfield code="a">ES-BaUAB</subfield>
    <subfield code="b">cat</subfield>
    <subfield code="c">CDMR</subfield>
  </datafield>
  <datafield tag="100" ind1="1" ind2=" ">
    <subfield code="a">Muntan&#xE9;, Isabel,</subfield>
  </datafield>
  <datafield tag="245" ind1="1" ind2="0">
    <subfield code="a">Dones valentes </subfield>
    <subfield code="b">: recomanacions per informar sobre les agressions sexuals /</subfield>
    <subfield code="c">Isabel Muntan&#xE9;, Violeta Garc&#xED;a</subfield>
  </datafield>
  <datafield tag="260" ind1=" " ind2=" ">
    <subfield code="a">[Bellaterra] :</subfield>
    <subfield code="a">[Barcelona] :</subfield>
    <subfield code="b">M&#xE0;ster Comunicaci&#xF3; G&#xE8;nere ;</subfield>
    <subfield code="b">AADAS :</subfield>
    <subfield code="b">Almena,</subfield>
    <subfield code="c">[2018?]</subfield>
  </datafield>
  <datafield tag="300" ind1=" " ind2=" ">
    <subfield code="a">1 fullet (4 p&#xE0;gines no numerades) ;</subfield>
    <subfield code="c">21 cm</subfield>
  </datafield>
  <datafield tag="500" ind1=" " ind2=" ">
    <subfield code="a">A la part inferior de la coberta: Col&#xB7;laboren Generalitat de Catalunya, Institut Catal&#xE0; de les Dones ; Ajuntament de Barcelona</subfield>
  </datafield>
  <datafield tag="650" ind1=" " ind2="4">
    <subfield code="a">Dones en el periodisme</subfield>
    <subfield code="x">Cobertura period&#xED;stica</subfield>
    <subfield code="x">Aspectes &#xE8;tics i moral</subfield>
    <subfield code="9">4233</subfield>
  </datafield>
  <datafield tag="650" ind1=" " ind2="7">
    <subfield code="a">Dones en els mitjans de comunicaci&#xF3; de massa</subfield>
    <subfield code="x">Manuals, guies, etc.</subfield>
    <subfield code="2">lemac</subfield>
  </datafield>
  <datafield tag="650" ind1=" " ind2="7">
    <subfield code="a">Dones</subfield>
    <subfield code="x">Delictes contra</subfield>
    <subfield code="x">Cobertura period&#xED;stica</subfield>
    <subfield code="x">Aspectes &#xE8;tics i morals</subfield>
    <subfield code="2">lemac</subfield>
  </datafield>
  <datafield tag="650" ind1=" " ind2="7">
    <subfield code="a">Delictes sexuals</subfield>
    <subfield code="x">Cobertura period&#xED;stica</subfield>
    <subfield code="x">Aspectes &#xE8;tics i morals</subfield>
    <subfield code="2">lemac</subfield>
  </datafield>
  <datafield tag="650" ind1=" " ind2="7">
    <subfield code="a">Delictes sexuals</subfield>
    <subfield code="x">Cobertura period&#xED;stica</subfield>
    <subfield code="x">Manuals, guies, etc.</subfield>
    <subfield code="2">lemac</subfield>
  </datafield>
  <datafield tag="650" ind1=" " ind2="7">
    <subfield code="a">Viol&#xE8;ncia envers les dones en els mitjans de comunicaci&#xF3; de massa</subfield>
    <subfield code="x">Aspectes &#xE8;tics i morals</subfield>
    <subfield code="2">lemac</subfield>
  </datafield>
  <datafield tag="700" ind1="1" ind2=" ">
    <subfield code="a">Garc&#xED;a, Violeta,</subfield>
  </datafield>
  <datafield tag="710" ind1="2" ind2=" ">
    <subfield code="a">Universitat Aut&#xF2;noma de Barcelona.</subfield>
    <subfield code="b">M&#xE0;ster en G&#xE8;nere i Comunicaci&#xF3;,</subfield>
  </datafield>
  <datafield tag="710" ind1="2" ind2=" ">
    <subfield code="a">Associaci&#xF3; d'Assist&#xE8;ncia a Dones Agredides Sexualment,</subfield>
  </datafield>
  <datafield tag="710" ind1="2" ind2=" ">
    <subfield code="a">Almena, Cooperativa Feminista,</subfield>
  </datafield>
  <datafield tag="856" ind1="4" ind2="2">
    <subfield code="z">Acc&#xE9;s en l&#xED;nia</subfield>
    <subfield code="u">http://dones.gencat.cat/web/.content/03_ambits/docs/publicacions_recomanacions_agressions_sexuals.pdf</subfield>
  </datafield>
  <datafield tag="942" ind1=" " ind2=" ">
    <subfield code="c">MON</subfield>
  </datafield>
  <datafield tag="952" ind1=" " ind2=" ">
    <subfield code="0">0</subfield>
    <subfield code="1">0</subfield>
    <subfield code="4">0</subfield>
    <subfield code="7">0</subfield>
    <subfield code="a">CDMR</subfield>
    <subfield code="b">CDMR</subfield>
    <subfield code="d">2019-07-04</subfield>
    <subfield code="e">Donaci&#xF3;</subfield>
    <subfield code="l">0</subfield>
    <subfield code="o">Ci 1.1 /35</subfield>
    <subfield code="p">CDMR19071264</subfield>
    <subfield code="r">2019-07-04</subfield>
    <subfield code="w">2019-07-04</subfield>
    <subfield code="y">MON</subfield>
  </datafield>
</record>
